000 00618nam a2200229Ia 4500
003 OSt
005 20220924122224.0
006 a|||||r|||| 00| 0
007 ta
008 220923b |||||||| |||| 00| 0 urd d
024 _a309900
037 _cTextual
040 _aARTS
_cARTS
_burd
041 _2urd
_aurd
082 _aO168x, M0
100 _aAhmed Nadeem Qasmi
_9188789
245 0 _aNazr-e-Hameed Ahmed Khan
260 _aLahore
_bMajlis-e-taraqqi adab Pakistan
_c1980
650 _aURDU LITERATURE
942 _hO168x, M0
_cTEXL
_2CC
999 _c410798
_d410798